[Event "Reykjavik Open 2015"]
[Site "Reykjavik, "]
[Date "2015.03.14"]
[Round "6.49"]
[White "Bergsson, Stefan"]
[Black "Hitzler, Philipp"]
[Result "1/2-1/2"]
[WhiteElo "2063"]
[BlackElo "2315"]
[PlyCount "80"]
[EventDate "2015.03.10"]

1. d4 d5 2. c4 c6 3. Nf3 Nf6 4. e3 Bf5 5. Nc3 e6 6. Nh4 Be4 7. f3 Bg6 8. Qb3
Qb6 9. Nxg6 hxg6 10. c5 Qc7 11. e4 dxe4 12. fxe4 e5 13. dxe5 Ng4 14. e6 Bxc5
15. exf7+ Qxf7 16. Qxf7+ Kxf7 17. Be2 Ne5 18. Bf4 Nbd7 19. O-O-O Raf8 20. g3
Ke7 21. h4 Bd6 22. Bf1 Nc5 23. Bg5+ Kd7 24. b4 Ne6 25. Bh3 Re8 26. Nd5 Nf7 27.
Nf4 Nfxg5 28. hxg5 Rxh3 29. Rxh3 Nxg5 30. Rh4 Nxe4 31. Rh7 g5 32. Rxg7+ Kc8 33.
Nh5 Bxb4 34. Rdd7 Nc5 35. Rdf7 a5 36. Nf6 Re1+ 37. Kc2 Re2+ 38. Kb1 Re1+ 39.
Kc2 Re2+ 40. Kb1 Re1+ 1/2-1/2

[Event "Reykjavik Open2015"]
[Site "Harpa"]
[Date "2015.03.14"]
[Round "6.9"]
[White "Cornette, Matthieu"]
[Black "Idani, Pouya"]
[Result "1/2-1/2"]
[WhiteElo "2585"]
[BlackElo "2496"]
[PlyCount "119"]
[EventDate "2015.??.??"]
[WhiteClock "0:38:58"]
[BlackClock "1:19:30"]

1. e4 c5 2. Nf3 d6 3. d4 cxd4 4. Nxd4 Nf6 5. Nc3 a6 6. Bg5 Nbd7 7. Qe2 h6 8.
Bh4 b5 9. f4 g5 10. fxg5 hxg5 11. Bxg5 Bb7 12. O-O-O e6 13. g4 b4 14. Nd5 exd5
15. exd5+ Ne5 16. Bg2 Rg8 17. h4 Be7 18. Nf5 Bc8 19. Nxe7 Qxe7 20. Rd4 Qa7 21.
Rxb4 Nfxg4 22. Bf3 f6 23. Bxg4 fxg5 24. hxg5 Qc5 25. Rf4 Bxg4 26. Rxg4 Rc8 27.
Rg3 Qxd5 28. Rd1 Qxa2 29. Ra3 Qc4 30. Qxc4 Nxc4 31. Rxa6 Rxg5 32. b3 Ne3 33.
Re1 Rxc2+ 34. Kb1 Rc3 35. Rxd6 Rb5 36. Ka2 Rbxb3 37. Ra6 Kd7 38. Rb1 Rxb1 39.
Kxb1 Nc4 40. Rh6 Nd6 41. Kb2 Rg3 42. Kc2 Kc6 43. Rh5 Nc4 44. Rh8 Nb6 45. Kd2
Kc5 46. Ke2 Ra3 47. Kf2 Nd5 48. Rc8+ Kd4 49. Rd8 Rb3 50. Kg2 Re3 51. Kf2 Re5
52. Kf3 Kd3 53. Ra8 Rf5+ 54. Kg3 Nc3 55. Ra3 Kd4 56. Kg4 Rf8 57. Rb3 Nd5 58.
Ra3 Ke4 59. Ra4+ Ke5 60. Ra5 1/2-1/2

[Event "Reykjavik Open2015"]
[Site "Harpa"]
[Date "2015.03.14"]
[Round "6.15"]
[White "Petrov, Nikita"]
[Black "Le Roux, Jean-Pierre"]
[Result "1/2-1/2"]
[WhiteElo "2435"]
[BlackElo "2548"]
[PlyCount "59"]
[EventDate "2015.??.??"]
[WhiteClock "0:10:41"]
[BlackClock "0:07:51"]

1. c4 e6 2. g3 d5 3. Bg2 a6 4. Nf3 dxc4 5. O-O Nf6 6. Na3 b5 7. d3 cxd3 8. Ne5
Ra7 9. Be3 c5 10. Nxd3 Nbd7 11. Rc1 Bb7 12. Bxb7 Rxb7 13. Nxc5 Bxc5 14. Bxc5
Nxc5 15. Qxd8+ Kxd8 16. Rxc5 Rc7 17. Rfc1 Rxc5 18. Rxc5 Kd7 19. f3 Nd5 20. Nb1
f5 21. Kf2 g5 22. Nd2 Kd6 23. Rc1 h5 24. h4 gxh4 25. gxh4 Nf4 26. Nf1 Ng6 27.
Ng3 Nxh4 28. Rh1 Ng6 29. Rxh5 Rc8 30. Rh6 1/2-1/2

[Event "Reykjavik Open 2015"]
[Site "Reykjavik, "]
[Date "2015.03.14"]
[Round "6.29"]
[White "Maisuradze, Nino"]
[Black "Thorfinnsson, Bragi"]
[Result "1-0"]
[WhiteElo "2302"]
[BlackElo "2429"]
[PlyCount "69"]
[EventDate "2015.03.10"]

1. d4 Nf6 2. c4 e6 3. Nc3 Bb4 4. e3 O-O 5. Nge2 Re8 6. a3 Bf8 7. Ng3 d5 8. Be2
dxc4 9. Bxc4 Nc6 10. O-O a6 11. b4 b6 12. Bb2 Bb7 13. Rc1 g6 14. Qb3 Qe7 15. d5
Ne5 16. dxe6 fxe6 17. Be2 Bg7 18. f4 Neg4 19. e4 Nxh2 20. Kxh2 Nh5 21. Kh3 Nxg3
22. Kxg3 g5 23. Kh3 Qf6 24. g3 Rad8 25. fxg5 Qxg5 26. Rf4 Kh8 27. Rg4 Qh6+ 28.
Kg2 Rd2 29. Rc2 Red8 30. Nb1 R2d7 31. Bxg7+ Rxg7 32. Qb2 Rdd7 33. Bf3 Kg8 34.
Rxg7+ Rxg7 35. Qe5 1-0

[Event "Reykjavik Open 2015"]
[Site "Reykjavik, "]
[Date "2015.03.14"]
[Round "6.45"]
[White "Kenney, Jason"]
[Black "Nguyen, Thai Dai Van"]
[Result "0-1"]
[WhiteElo "2104"]
[BlackElo "2338"]
[PlyCount "134"]
[EventDate "2015.03.10"]

1. c4 e5 2. g3 Nf6 3. Bg2 d5 4. cxd5 Nxd5 5. Nc3 Nb6 6. Nf3 Nc6 7. O-O Be7 8.
a3 O-O 9. b4 Be6 10. d3 a5 11. b5 Nd4 12. Nd2 Rb8 13. e3 Nf5 14. Qc2 Qd7 15.
Rd1 f6 16. a4 Bb4 17. Bb2 Qf7 18. Nce4 Rfd8 19. Bf1 Nd5 20. Nc4 Nde7 21. Bc3
Bxc3 22. Qxc3 b6 23. Nb2 Nd5 24. Qa3 Kh8 25. Rdc1 Nb4 26. Rc3 Rd7 27. Nd2 Rbd8
28. Nb3 Nd5 29. Rc6 Nfe7 30. Rxe6 Qxe6 31. d4 e4 32. Nd2 h6 33. Nbc4 Ng6 34.
Rc1 f5 35. Qb3 Re7 36. Qd1 Nf6 37. Nb2 Nd5 38. Qh5 Qf7 39. Bh3 Ngf4 40. Qxf7
Nxh3+ 41. Kg2 Rxf7 42. Kxh3 g5 43. Nbc4 Kg8 44. Ne5 Rf6 45. g4 f4 46. Nxe4 Re6
47. Nc3 fxe3 48. Nxd5 e2 49. Ne3 Rxd4 50. Nf3 Rxa4 51. Re1 Ra2 52. Nd4 Re4 53.
Nxe2 Rb2 54. Kg2 Re5 55. Kf3 Rbxb5 56. Rd1 Rb3 57. Nd4 Rc3 58. Ndf5 a4 59. Kg2
a3 60. Nxh6+ Kf8 61. Nd5 Rc4 62. Nf6 Re6 63. Nd7+ Ke8 64. Nf5 Rxg4+ 65. Kh3 Ra4
66. Ng7+ Ke7 67. Nxe6 Kxe6 0-1

[Event "Reykjavik Open 2015"]
[Site "Reykjavik, "]
[Date "2015.03.14"]
[Round "6.68"]
[White "Hardarson, Jon Trausti"]
[Black "Mehringer, Joerg"]
[Result "1/2-1/2"]
[WhiteElo "2170"]
[BlackElo "1955"]
[PlyCount "89"]
[EventDate "2015.03.10"]

1. d4 Nf6 2. c4 e6 3. g3 Bb4+ 4. Nd2 O-O 5. Bg2 d6 6. Ngf3 Nbd7 7. a3 Bxd2+ 8.
Nxd2 Qe7 9. O-O c6 10. b4 Re8 11. e4 e5 12. d5 a5 13. Bb2 Nf8 14. Nb3 cxd5 15.
exd5 b6 16. bxa5 bxa5 17. Bc3 a4 18. Na5 Qc7 19. Nc6 N8d7 20. Bb4 e4 21. f3 e3
22. Re1 Bb7 23. Qd4 Bxc6 24. dxc6 Nc5 25. Bxc5 dxc5 26. Qxc5 Ra5 27. Qb4 e2 28.
f4 Qa7+ 29. c5 Rxc5 30. Qd4 Qa5 31. Rab1 h6 32. Qb4 Qa7 33. Qb6 Qe7 34. Rxe2
Qxe2 35. Qxc5 Ne4 36. Qb6 Nd2 37. Rc1 Nf3+ 38. Kh1 Ne1 39. Qg1 Qd2 40. Rb1 Nxg2
41. Qxg2 Re1+ 42. Rxe1 Qxe1+ 43. Qg1 Qe4+ 44. Qg2 Qe1+ 45. Qg1 1/2-1/2

[Event "Reykjavik Open 2015"]
[Site "Reykjavik, "]
[Date "2015.03.14"]
[Round "6.92"]
[White "Vigdal, Per Kr"]
[Black "Nilsen, Tobias Lang"]
[Result "0-1"]
[WhiteElo "1985"]
[BlackElo "1761"]
[PlyCount "82"]
[EventDate "2015.03.10"]

1. e4 e6 2. d4 d5 3. e5 c5 4. Qg4 f5 5. Qg3 cxd4 6. Nf3 Nc6 7. Bd3 Bd7 8. O-O
Nge7 9. c3 dxc3 10. Nxc3 a6 11. Re1 g6 12. h4 Bg7 13. h5 Qc7 14. h6 Bf8 15. Bf4
Qd8 16. Bg5 Qc7 17. Rac1 Ng8 18. Qh4 Be7 19. a3 Bxg5 20. Nxg5 Nge7 21. Nf7 Rf8
22. Nd6+ Kd8 23. f4 Qb6+ 24. Kh1 Na7 25. a4 Nac8 26. a5 Qb4 27. Na2 Qb3 28. Rc3
Qxa2 29. Nxb7+ Ke8 30. Nd6+ Nxd6 31. exd6 Ng8 32. b4 Qd2 33. Rec1 d4 34. Rc7
Qxd3 35. Qe1 Qe3 36. Qd1 Nf6 37. R1c4 Qxf4 38. Rxd4 Qxh6+ 39. Kg1 Qe3+ 40. Kh1
Ng4 41. Rd2 Qg3 0-1

[Event "Reykjavik Open 2015"]
[Site "Reykjavik, "]
[Date "2015.03.14"]
[Round "6.112"]
[White "Kristjansson, Halldor Atli"]
[Black "Roser, Ludwig"]
[Result "1/2-1/2"]
[WhiteElo "1335"]
[BlackElo "1802"]
[PlyCount "115"]
[EventDate "2015.03.10"]

1. d4 d6 2. Nf3 Nf6 3. c4 Nbd7 4. Nc3 e5 5. Bg5 Be7 6. e3 O-O 7. Bd3 c6 8. O-O
h6 9. Bh4 Re8 10. Qc2 Nh5 11. Bxe7 Qxe7 12. Bf5 g6 13. Bg4 Nhf6 14. Bh3 e4 15.
Nd2 Nf8 16. Bxc8 Raxc8 17. f3 d5 18. f4 Ng4 19. Rae1 f5 20. h3 Nf6 21. Qa4 a6
22. Qa5 Qc7 23. Qxc7 Rxc7 24. Rc1 Rg7 25. cxd5 cxd5 26. Na4 Ne6 27. Nc5 Nxc5
28. Rxc5 Rd7 29. Rfc1 Kf7 30. Rc7 Ke6 31. Nb3 b6 32. R1c6+ Rd6 33. Rc3 Re7 34.
R7c6 Red7 35. Rxd6+ Kxd6 36. Kf2 Rc7 37. Rxc7 Kxc7 38. Nd2 Kc6 39. Ke2 Kb5 40.
Kd1 Kb4 41. Kc2 Nh5 42. Nf1 Nf6 43. Nd2 h5 44. Nf1 h4 45. Nd2 Nh5 46. Nf1 a5
47. a3+ Ka4 48. Kc1 b5 49. Kc2 b4 50. axb4 Kxb4 51. Kc1 a4 52. Kc2 Ng7 53. Nd2
Ne8 54. Nb1 Nc7 55. Nc3 a3 56. bxa3+ Kxa3 57. Nb1+ Kb4 58. Nc3 1/2-1/2